| 000 | 00500cam a2200193ua 4500 | ||
|---|---|---|---|
| 020 |
_a81-85176-44-2 _c225.00 |
||
| 041 |
_aeng _h |
||
| 082 |
_a020 _bSHA/AD |
||
| 100 | _aShaema, C D . | ||
| 245 |
_aAdvances in library and information science / _cC D Shaema. _hTextual Documents |
||
| 250 |
_a1 / _b. |
||
| 260 |
_aJodhpur : _bRBSA Publishers , _c1989. |
||
| 300 |
_a215 ; _eCD ROM. |
||
| 365 | _a225.00 | ||
| 504 | _a | ||
| 700 | 1 | _aOjha, D C . | |
| 942 | _cBK | ||
| 999 |
_c5581 _d5581 |
||